| 000 | 00374 a2200169 4500 | ||
|---|---|---|---|
| 001 | 180090 | ||
| 020 | _a85-262-2034-9 | ||
| 040 | _cMagnum | ||
| 100 | _aViana, Vivina de Assis | ||
| 240 | 1 | 0 |
_aArco-íris tem mapa? _lpor |
| 245 | 1 | 0 | _aArco-íris tem mapa? |
| 300 | _a40 | ||
| 362 | 0 | _a1993 | |
| 440 | 1 | _aScipione | |
| 697 | _aLITERATURA INFANTO-JUVENIL | ||
| 942 | _cBK | ||
| 999 |
_c180090 _d180090 |
||